00629nam a2200193Ia 4500952014100000999001700141003000400158005001700162008004100179020001400220040000900234082001800243100002900261245003900290260004300329300000900372650001200381942004200393 00102ddc40708FICaMESbMEScENGd2019-02-20g395.00l1o823.09 VER/Mp38229r2025-02-17 15:04:33s2025-02-06w2019-02-20yBKzGR20R3 c21687d21687OSt20201113095934.0190216s9999||||xx |||||||||||||| ||und|| a817234080 coclc a823.09bVER/M a Verma, Chob Singh96305 0aMughal Romance /cChob Singh Verma bPrakash Book Depot,c2007.aNew delhi: a179p aHistory cBK2ddch823.09iVER/Mk823.09mVER/M